Presupuestos: un enfoque de direccionamiento estratégico, gestión, y control de recursos

محفوظ في:
التفاصيل البيبلوغرافية
المؤلف الرئيسي: Burbano Ruiz, Jorge E (مؤلف)
التنسيق: كتاب
اللغة:الإسبانية
منشور في: Bogotá McGraw-Hill 2011
الطبعة:4a. ed
الموضوعات:
الوسوم: إضافة وسم
لا توجد وسوم, كن أول من يضع وسما على هذه التسجيلة!

MARC

LEADER 00000cam a2200000 a 4500
001 UCC4189
003 CL-VaPUC
008 180720e20110000ck |||||||||||||||||spa|d
020 |a 9789584104199 
082 0 4 |a 658.154  |b BUR  |2 21 
100 0 |a Burbano Ruiz, Jorge E  |e author  |9 598324 
245 1 0 |a Presupuestos: un enfoque de direccionamiento estratégico, gestión, y control de recursos 
250 |a 4a. ed 
300 |a 354 p 
942 |c BK 
945 |d 20180720 14:27:00  |a dcastane 
260 |a Bogotá  |b McGraw-Hill  |c 2011 
500 |a Incluye Cd con glosario, talleres, ejercicios e imágenes 
650 0 |a Presupuestos  |9 262669 
650 7 |a GESTION DE PRESUPUESTO  |2 CL-VaPUC  |9 500052 
650 0 |a Planificación estratégica   |9 259735 
650 0 |a Administración de empresas   |9 260833 
583 |a last modification  |c 20180720 14:27:00  |k Rodrigo Vera 
999 |c 371746  |d 371744 
952 |0 0  |1 0  |3 erb  |4 0  |6 658_154000000000000_BUR_2011  |7 0  |8 A  |9 488894  |a BIBGIM  |b BIBGIM  |i 5481309  |o 658.154 BUR 2011  |p 5481309  |r 2025-01-15  |w 2019-11-24  |y BK  |z Catalogado en:20180720  |k COM 
952 |0 0  |1 0  |3 erb  |4 0  |6 658_154000000000000_BUR_2011  |7 0  |8 A  |9 488895  |a BIBGIM  |b BIBGIM  |i 5481295  |l 2  |o 658.154 BUR 2011  |p 5481295  |r 2025-01-15  |s 2022-06-23  |w 2019-11-24  |y BK  |z Catalogado en:20180720  |k COM 
952 |0 0  |1 0  |3 erb  |4 0  |6 658_154000000000000_BUR_2011  |7 0  |8 A  |9 488896  |a BIBGIM  |b BIBGIM  |i 5481287  |o 658.154 BUR 2011  |p 5481287  |r 2025-01-15  |w 2019-11-24  |y BK  |z Catalogado en:20180720  |k COM